Ekonometria /
Uloženo v:
| Hlavní autor: | |
|---|---|
| Médium: | Kniha |
| Jazyk: | slovenština |
| Vydáno: |
Bratislava :
Iura Edition,
2007
|
| Vydání: | 1. vyd. |
| Edice: | Ekonómia
|
| Témata: | |
| ISBN: | 9788080781507 |
| On-line přístup: |
|
| Tagy: |
Přidat tag
Žádné tagy, Buďte první, kdo vytvoří štítek k tomuto záznamu!
|
MARC
| LEADER | 00000nam a2200000 4500 | ||
|---|---|---|---|
| 003 | SK-BrCVT | ||
| 005 | 20220621163824.0 | ||
| 008 | 080125s2007 xo e ||||||slo d | ||
| 020 | |a 9788080781507 | ||
| 035 | |a CVTIDW1431266 | ||
| 040 | |b slo |a CVTI SR |e AACR2 | ||
| 041 | 0 | |a slo | |
| 044 | |a xo | ||
| 080 | |a 330.43 |2 UDC-MRF | ||
| 080 | |a 519.862 |2 UDC-MRF | ||
| 100 | 1 | |a Hatrák, Michal |d 1939-, |4 aut | |
| 245 | 1 | 0 | |a Ekonometria / |c Michal Hatrák |
| 250 | |a 1. vyd. | ||
| 260 | |a Bratislava : |b Iura Edition, |c 2007 | ||
| 300 | |a 503 s. : |b grafy, lit., tab. ; | ||
| 490 | 1 | |a Ekonómia | |
| 653 | 1 | |a lineárny model |a testovanie hypotéz |a regresný model |a nelineárny model |a simultánna rovnica | |
| 760 | 1 | |t Ekonómia | |
| 910 | |b A603758 | ||
| 919 | |a 978-80-8078-150-7 | ||
| 974 | |f Knihy | ||
| 992 | |a AMG | ||
| 999 | |c 159562 |d 159562 | ||

